000 01659nam a22001577a 4500
999 _c519340
_d519340
008 220225b ||||| |||| 00| 0 eng d
100 _aErlingsson, G.O., Odalen, J. and Wangmar, E.
_932291
245 _aHow coerced municipal amalgamations thwart the values of local self-government
260 _aUrban Affairs Review
300 _a57(5), Sep, 2021: p.1226-1251
520 _aArguments invoking increased functional efficiency have had a profound impact on local government reforms in advanced democracies during the past 60 years. Consequently, most mature democracies have implemented municipal amalgamation reforms, often through top-down coercion. In this article, we demonstrate how far central governments have been willing to go, in terms of coercion, by providing an in-depth historical account of Swedish municipal amalgamations between 1952 and 1974. Debates on amalgamation reforms have typically revolved around pros and cons of mergers. But very few discussions have addressed the more fundamental moral problem of enforcing amalgamations through coercion. Often, large-scale mergers are carried through against the expressed will of municipalities who wish to remain self-governing. In this article, we present a normative defense of strong local self-government, based partly on values of individual autonomy, and partly on group-based human rights, and we show how coerced amalgamations are at odds with these values. – Reproduced
650 _aLocal self-government, Local autonomy, Self-determination, Coerced amalgamations, Amalgamations
_930225
773 _aUrban Affairs Review
906 _aLOCAL GOVERNMENTS
942 _cAR